Oil and Energy Trends

Detalles Bibliográficos
Formato: eBook
Lenguaje:inglés
Publicado: Hoboken: Wiley, 2005 -
Materias:
Acceso en línea:Acceso restringido

MARC

LEADER 00000nam a22000007a 4500
005 20210407002742.0
007 cr|||| |||
008 210407c20059999us n|w s|||| 0|||b1eng d
022 |a 0950-1045 
035 |a 32919 
040 |a vLex 
090 |c 11403  |d 11403 
245 0 0 |a Oil and Energy Trends  |h [Recurso electrn̤ico] / 
256 |a Servicio en ln̕ea 
260 |a Hoboken:  |b Wiley,  |c 2005 - 
300 |a 1 recurso electrn̤ico 
310 |a Irregular 
506 1 |a Disponible solo en los productos indicados  |d vLex Global  |d vLex Global (Academic Edition, excluding Law Schools)  |d vLex Global (Academic Edition, Law Schools) 
650 0 4 |a Derecho Mercantil y de la Empresa  |z Estados Unidos 
650 0 4 |a Derecho Fiscal  |z Estados Unidos 
650 0 4 |a Derecho Pb︢lico y Administrativo  |z Estados Unidos 
740 0 |a vLex Revistas (Servicio en ln̕ea) 
856 4 0 |u https://vlex.com/source/32919  |z Acceso restringido 
942 |c REV 
999 0 |a Commercial and Company Law 
999 0 |a Tax Law 
999 0 |a Public and Administrative Law